| 000 | 00707nam a2200205 a 4500 | ||
|---|---|---|---|
| 001 | 000041393 | ||
| 005 | 20240412074301.0 | ||
| 008 | 131001s2003 dr r 001 p spa d | ||
| 020 | _a9993455393 | ||
| 040 |
_aDO-SdBNP _bspa _cBNPHU |
||
| 082 |
_aRD861.509 _bM798p |
||
| 100 | 1 |
_aMontolío, Julio, _d1943- _968045 |
|
| 245 | 1 | 0 |
_aPoesigrafía : _balgunas técnicas de la poesía / _cJulio Montolío. |
| 260 |
_aSanto Domingo : _bCiguapa, _c2003. |
||
| 500 | _aIncluye datos biografícos del autor en la contracubierta . | ||
| 590 | _aInventariado, 2018/BT | ||
| 650 | 4 |
_aPoesía dominicana _xHistoria y crítica _913072 |
|
| 650 | 0 |
_aLiteratura dominicana. _967 |
|
| 910 | _aValidado. Control de calidad. EMS | ||
| 999 |
_c40883 _d40883 |
||